000 00461nam a2200169 a 4500
003 BD-DhJNU
005 20250306045838.0
008 250204s1970 ii a b 001 0 eng
040 _aBD-DhJNU
_bENG
_cBD-DhJNU
_dBD-DhJNU
082 0 0 _a297 ALS
_223
100 1 _aAli, K.
245 1 0 _aA study of Islamic history /
_cK. Ali
260 _aDacca :
_bAli Publications,
_c1970.
300 _aVarious pages. :
_bill. ;
_c22 cm.
650 0 _aIslamic history
942 _cBK
999 _c1452
_d1452